000 00710nam a22002177a 4500
999 _c13243
_d13243
003 AR-CdUCM
008 190411b ||||| |||| 00| 0 spa d
040 _aMUNICIPALIDAD PROVINCIAL DEL CUSCO
_cBIBLIOTECA MUNICIPAL DEL CUSCO
082 _a631.8 /
_bK96
100 _aKuon Cabello, Jorge
_931347
245 _aDeficiencia de boro en suelos del Cuzco /
260 _aLima :
_bEdit. Jurídica,
_c1966.
300 _a15 paginas ;
_c23 cm.
505 _aContenido :Separata del Boletín de la Sociedad Química del Perú /
650 _aFertilizantes
_919426
650 _aPerú
_935
650 _aCusco
_9772
700 _aSalazar Ortíz, Daniel
_931546
942 _2ddc
_cLIBROS
945 _arjall
_d2019-04-11